[Event "15. Obert Int. Sant Marti 2013"]
[Site "Barcelona ESP"]
[Date "2013.07.17"]
[Round "5.47"]
[White "Tahay, Alexis"]
[Black "Tarrago Domingo, Miguel"]
[Result "1/2-1/2"]
[WhiteElo "1944"]
[BlackElo "2034"]
[PlyCount "77"]
[EventDate "2013.07.13"]
[EventType "swiss"]
[EventRounds "9"]
[EventCountry "ESP"]
[SourceTitle "Ajedrez en Madrid"]
[Source "lmi"]
[SourceDate "2013.07.13"]
[SourceVersion "1"]
[SourceVersionDate "2019.06.21"]
[SourceQuality "1"]

1. e4 c6 2. d4 d5 3. Nd2 dxe4 4. Nxe4 Nf6 5. Nxf6+ exf6 6. Nf3 Bd6 7. Bd3 O-O
8. O-O Re8 9. c4 Nd7 10. Qc2 Nf8 11. Be3 Bg4 12. Nd2 Bh5 13. Ne4 Bg6 14. Nxd6
Bxd3 15. Qxd3 Qxd6 16. g3 Rad8 17. Rad1 Ng6 18. Rfe1 Re7 19. d5 cxd5 20. Qxd5
Qxd5 21. cxd5 b6 22. Rd4 Red7 23. Red1 Ne7 24. d6 Nf5 25. Rd5 Rxd6 26. Rxd6
Rxd6 27. Rxd6 Nxd6 28. Kf1 Kf8 29. Ke2 Ke7 30. Kd3 Ke6 31. Bf4 Kd5 32. Bxd6
Kxd6 33. Kc4 a6 34. a4 f5 35. f4 f6 36. b4 g5 37. h4 h6 38. b5 axb5+ 39. axb5
1/2-1/2

[Event "15. Obert Int. Sant Marti 2013"]
[Site "Barcelona ESP"]
[Date "2013.07.17"]
[Round "5.48"]
[White "Carlsen, Ellen Oen"]
[Black "Posada, Juan Manuel"]
[Result "1/2-1/2"]
[WhiteElo "1947"]
[BlackElo "2101"]
[PlyCount "91"]
[EventDate "2013.07.13"]
[EventType "swiss"]
[EventRounds "9"]
[EventCountry "ESP"]
[SourceTitle "Ajedrez en Madrid"]
[Source "lmi"]
[SourceDate "2013.07.13"]
[SourceVersion "1"]
[SourceVersionDate "2019.06.21"]
[SourceQuality "1"]

1. e4 c5 2. Nf3 Nc6 3. Nc3 e5 4. d3 Nge7 5. Be3 d6 6. Be2 g6 7. Qd2 Bg7 8. Bh6
O-O 9. h4 Bxh6 10. Qxh6 f6 11. O-O-O Be6 12. h5 Qd7 13. hxg6 Nxg6 14. Nd5 Bxd5
15. exd5 Nd4 16. Nxd4 cxd4 17. g4 Nf4 18. Bf3 Qg7 19. Be4 Rf7 20. f3 Rc8 21.
Rd2 Rfc7 22. Qxg7+ Rxg7 23. Rdh2 Rcc7 24. Rh6 Rgf7 25. Kd2 Ng2 26. R1h5 Ne3 27.
c3 b5 28. Rh1 a5 29. R6h5 Rg7 30. Bf5 Kh8 31. Be4 Kg8 32. Bf5 Kh8 33. Be4 a4
34. R1h3 a3 35. bxa3 Rxc3 36. Rxh7+ Rxh7 37. Rxh7+ Kg8 38. Rb7 Rc5 39. Rb6 Nxd5
40. Rxd6 Nc3 41. Rxf6 Nb1+ 42. Kd1 Rc3 43. Re6 Rxa3 44. Rxe5 Nc3+ 45. Kc1 Kg7
46. Bd5 1/2-1/2

[Event "15. Obert Int. Sant Marti 2013"]
[Site "Barcelona ESP"]
[Date "2013.07.17"]
[Round "5.49"]
[White "Real Pereyra, Diana Carime"]
[Black "De Azua Arpi, Rafael"]
[Result "0-1"]
[WhiteElo "2076"]
[BlackElo "1943"]
[PlyCount "138"]
[EventDate "2013.07.13"]
[EventType "swiss"]
[EventRounds "9"]
[EventCountry "ESP"]
[SourceTitle "Ajedrez en Madrid"]
[Source "lmi"]
[SourceDate "2013.07.13"]
[SourceVersion "1"]
[SourceVersionDate "2019.06.21"]
[SourceQuality "1"]

1. e4 e6 2. d4 d5 3. Nc3 Bb4 4. exd5 exd5 5. Bd3 Qf6 6. Nge2 Bf5 7. O-O c6 8.
Ng3 Bxd3 9. Qxd3 Ne7 10. f4 h5 11. f5 Nd7 12. Nce2 h4 13. Nh1 Rh5 14. g4 hxg3
15. Nhxg3 Rh7 16. Bf4 O-O-O 17. Qe3 Nxf5 18. Nxf5 Qxf5 19. Bg3 Qe6 20. Qf4 Ba5
21. Nc3 Qh6 22. Qxf7 Qe3+ 23. Qf2 Qg5 24. Rae1 Bc7 25. Qe3 Qg6 26. Rf3 Nf6 27.
Qe6+ Kb8 28. Qe7 Rc8 29. Re2 Qg4 30. Qe3 Rhh8 31. Rg2 Bxg3 32. Rfxg3 Qh4 33.
Rxg7 Rhe8 34. Qg3+ Qxg3 35. R7xg3 Re1+ 36. Kf2 Rc1 37. Kf3 Rf8 38. Ke3 Re1+ 39.
Kd2 Ree8 40. Re2 Rd8 41. Re7 Nh5 42. Rg2 Rde8 43. Rxe8+ Rxe8 44. Ne2 Rh8 45. c3
Nf6 46. Ng3 Ng4 47. Nf1 Nf6 48. Ke3 Ne4 49. Ng3 Nf6 50. Kf4 Rf8 51. Kg5 Ne4+
52. Nxe4 Rg8+ 53. Kf4 Rxg2 54. Nc5 Rxh2 55. Nd3 Kc7 56. a4 Kd6 57. Ke3 b6 58.
Nf2 Rg2 59. Nd3 c5 60. dxc5+ bxc5 61. b4 c4 62. Nc5 Rc2 63. Kd4 Rh2 64. a5 Rh4+
65. Ke3 Kc6 66. Na4 Re4+ 67. Kf3 Re1 68. Kf2 Ra1 69. Nc5 Ra3 0-1

[Event "15. Obert Int. Sant Marti 2013"]
[Site "Barcelona ESP"]
[Date "2013.07.17"]
[Round "5.51"]
[White "Kjolberg, Jens Hjorth"]
[Black "Jacobsen, Maria Pitz"]
[Result "1-0"]
[WhiteElo "1999"]
[BlackElo "1814"]
[PlyCount "81"]
[EventDate "2013.07.13"]
[EventType "swiss"]
[EventRounds "9"]
[EventCountry "ESP"]
[SourceTitle "Ajedrez en Madrid"]
[Source "lmi"]
[SourceDate "2013.07.13"]
[SourceVersion "1"]
[SourceVersionDate "2019.06.21"]
[SourceQuality "1"]

1. e4 e5 2. Nf3 Nc6 3. Bb5 Bc5 4. O-O d6 5. Re1 Bd7 6. c3 Nf6 7. d4 exd4 8.
cxd4 Bb4 9. Bd2 Bxd2 10. Qxd2 O-O 11. Nc3 a6 12. Bxc6 Bxc6 13. d5 Bd7 14. Nd4
Re8 15. Rac1 Ng4 16. h3 Ne5 17. Nce2 Rc8 18. Ng3 Qf6 19. Rc3 b5 20. b3 c5 21.
dxc6 Nxc6 22. Nxc6 Rxc6 23. Rxc6 Bxc6 24. Rc1 Ba8 25. Rc3 d5 26. exd5 Qd6 27.
Nf5 Qd7 28. Ne3 g6 29. Qd4 Rc8 30. Rxc8+ Qxc8 31. Ng4 h5 32. Nf6+ Kf8 33. Qe5
Qd8 34. d6 Bc6 35. Nxh5 f6 36. Nxf6 b4 37. Nh7+ Kg8 38. Ng5 Qd7 39. Qf6 Qg7 40.
Qd8+ Qf8 41. Qc7 1-0

[Event "15. Obert Int. Sant Marti 2013"]
[Site "Barcelona ESP"]
[Date "2013.07.17"]
[Round "5.52"]
[White "Quero Ortega, Juan"]
[Black "Hernandez, Zaida"]
[Result "0-1"]
[WhiteElo "1809"]
[BlackElo "1998"]
[PlyCount "112"]
[EventDate "2013.07.13"]
[EventType "swiss"]
[EventRounds "9"]
[EventCountry "ESP"]
[SourceTitle "Ajedrez en Madrid"]
[Source "lmi"]
[SourceDate "2013.07.13"]
[SourceVersion "1"]
[SourceVersionDate "2019.06.21"]
[SourceQuality "1"]

1. e4 c5 2. Nf3 d6 3. Nc3 a6 4. d4 cxd4 5. Nxd4 Nf6 6. Be2 e6 7. O-O Be7 8. a4
Qc7 9. Be3 Nc6 10. Nxc6 bxc6 11. Bf3 Bb7 12. b3 O-O 13. a5 c5 14. Qe2 Nd7 15.
Bd2 Bf6 16. Ra2 Bc6 17. Re1 Ne5 18. Bg4 Bb7 19. f4 Nc6 20. Na4 Nxa5 21. e5 dxe5
22. fxe5 Bh4 23. Bxa5 Qxa5 24. Rea1 Rfd8 25. c3 Qc7 26. Nb2 Qb6 27. Na4 Qc7 28.
Nb2 Qb6 29. Nc4 Qc7 30. Nd6 Rab8 31. Bf3 Bc8 32. Bh5 g6 33. Bf3 Bg5 34. Qc4 Qb6
35. h4 Be3+ 36. Kh2 Qxb3 37. Qe4 Bh6 38. Ra3 Qb2 39. R1a2 Qc1 40. Ra1 Qf4+ 41.
g3 Rb2+ 42. Bg2 Qxe4 43. Nxe4 Bb7 44. R1a2 Rxg2+ 45. Kxg2 Bxe4+ 46. Kf2 Bd3 47.
Ra5 Rd5 48. c4 Bxc4 49. R2a4 Rd2+ 50. Kf3 Be2+ 51. Ke4 Bd3+ 52. Kf3 Bb5 53. Ra2
Bc6+ 54. Kg4 Rd4+ 55. Kh3 Bb5 56. Rc2 c4 0-1

[Event "15. Obert Int. Sant Marti 2013"]
[Site "Barcelona ESP"]
[Date "2013.07.17"]
[Round "5.53"]
[White "Andersen, Guttorm"]
[Black "Vatkali, Dimitra"]
[Result "0-1"]
[WhiteElo "1772"]
[BlackElo "1964"]
[PlyCount "50"]
[EventDate "2013.07.13"]
[EventType "swiss"]
[EventRounds "9"]
[EventCountry "ESP"]
[SourceTitle "Ajedrez en Madrid"]
[Source "lmi"]
[SourceDate "2013.07.13"]
[SourceVersion "1"]
[SourceVersionDate "2019.06.21"]
[SourceQuality "1"]

1. d4 d5 2. Nf3 Nf6 3. Bf4 Bf5 4. e3 e6 5. Bd3 Bxd3 6. Qxd3 Nbd7 7. Nbd2 Be7 8.
h3 O-O 9. O-O c5 10. c3 Rc8 11. Rac1 c4 12. Qe2 b5 13. Ne5 Nb6 14. f3 Na4 15.
Rc2 a5 16. a3 Qb6 17. e4 Rfd8 18. Be3 b4 19. axb4 axb4 20. Ng4 b3 21. Rcc1 Nxb2
22. Rb1 Na4 23. Rfc1 Nxg4 24. hxg4 Ba3 25. Rc2 bxc2 0-1

[Event "15. Obert Int. Sant Marti 2013"]
[Site "Barcelona ESP"]
[Date "2013.07.17"]
[Round "5.54"]
[White "Cervello I Tost, Roger"]
[Black "Velez Alvarez, Laura Camila"]
[Result "1/2-1/2"]
[WhiteElo "1954"]
[BlackElo "1774"]
[PlyCount "69"]
[EventDate "2013.07.13"]
[EventType "swiss"]
[EventRounds "9"]
[EventCountry "ESP"]
[SourceTitle "Ajedrez en Madrid"]
[Source "lmi"]
[SourceDate "2013.07.13"]
[SourceVersion "1"]
[SourceVersionDate "2019.06.21"]
[SourceQuality "1"]

1. e4 c6 2. d4 d5 3. Nc3 dxe4 4. Nxe4 Nf6 5. Nxf6+ gxf6 6. Nf3 h5 7. Bc4 h4 8.
h3 Bf5 9. c3 e6 10. Be3 Bd6 11. Qe2 Nd7 12. O-O-O Qe7 13. Bd3 Bxd3 14. Qxd3
O-O-O 15. c4 Rh5 16. Qb3 c5 17. d5 e5 18. Rde1 e4 19. Bd2 Rg8 20. Re2 f5 21.
Ne1 f4 22. f3 e3 23. Bc3 Ne5 24. Bxe5 Bxe5 25. Nd3 Rhg5 26. Qc2 Bd6 27. Rh2 Qf6
28. Qb3 Qg6 29. Kd1 Rg3 30. Qc2 Qh5 31. Ne1 Qg6 32. Nd3 Qh5 33. Ne1 Qe5 34. Nd3
Qf5 35. Kc1 1/2-1/2

[Event "15. Obert Int. Sant Marti 2013"]
[Site "Barcelona ESP"]
[Date "2013.07.17"]
[Round "5.55"]
[White "Nadal Fajardo, Ricard"]
[Black "Lopez Perdomo, Juan David"]
[Result "1-0"]
[WhiteElo "1913"]
[BlackElo "2100"]
[PlyCount "117"]
[EventDate "2013.07.13"]
[EventType "swiss"]
[EventRounds "9"]
[EventCountry "ESP"]
[SourceTitle "Ajedrez en Madrid"]
[Source "lmi"]
[SourceDate "2013.07.13"]
[SourceVersion "1"]
[SourceVersionDate "2019.06.21"]
[SourceQuality "1"]

1. e4 c5 2. Nf3 e6 3. Nc3 Nc6 4. d3 d5 5. g3 d4 6. Ne2 Nf6 7. Bg2 Be7 8. O-O e5
9. c3 a5 10. cxd4 cxd4 11. a3 O-O 12. a4 b6 13. b3 Ba6 14. Bb2 Nd7 15. Ne1 Nc5
16. f4 f6 17. Ba3 Nb7 18. Qc1 Rc8 19. Bh3 Bxa3 20. Qxa3 Rc7 21. Be6+ Kh8 22.
Rc1 Nc5 23. Bc4 Bc8 24. f5 Nb4 25. Rf3 g5 26. g4 Bb7 27. Ng3 Qa8 28. Qb2 Qd8
29. Nc2 Nxc2 30. Qxc2 Qe7 31. Rf2 Rfc8 32. Rff1 Bc6 33. Rfe1 Be8 34. Qd1 Nb7
35. Qd2 Nd8 36. Ba6 Rxc1 37. Rxc1 Qb4 38. Rxc8 Qxd2 39. Rxd8 Kg7 40. Rxe8 Kf7
41. Rc8 Ke7 42. Bb5 Qd1+ 43. Kg2 Qxg4 44. Rc7+ Kd6 45. Rxh7 Qd1 46. Rf7 g4 47.
Rxf6+ Kc5 48. Rc6+ Kb4 49. f6 Kxb3 50. f7 Qf3+ 51. Kg1 Qe3+ 52. Kf1 Qf3+ 53.
Ke1 Kb2 54. Rc7 Qf4 55. Ne2 Qf6 56. Bc4 Qd8 57. Rb7 Kc2 58. Rxb6 g3 59. hxg3
1-0

[Event "15. Obert Int. Sant Marti 2013"]
[Site "Barcelona ESP"]
[Date "2013.07.17"]
[Round "5.57"]
[White "Ramirez Medina, Victor"]
[Black "Barragan Hernandez, Manel"]
[Result "1/2-1/2"]
[WhiteElo "2012"]
[BlackElo "1889"]
[PlyCount "111"]
[EventDate "2013.07.13"]
[EventType "swiss"]
[EventRounds "9"]
[EventCountry "ESP"]
[SourceTitle "Ajedrez en Madrid"]
[Source "lmi"]
[SourceDate "2013.07.13"]
[SourceVersion "1"]
[SourceVersionDate "2019.06.21"]
[SourceQuality "1"]

1. e4 e5 2. Nf3 Nc6 3. Bb5 a6 4. Ba4 Nf6 5. O-O Be7 6. Re1 b5 7. Bb3 O-O 8. c3
d5 9. exd5 Nxd5 10. Nxe5 Nxe5 11. Rxe5 c6 12. d4 Bd6 13. Re1 Qh4 14. g3 Qh3 15.
Re4 g5 16. Qf1 Qh5 17. Nd2 Bf5 18. f3 Nf6 19. Qg2 Qg6 20. Re3 Rae8 21. Nf1 g4
22. Rxe8 Rxe8 23. Ne3 gxf3 24. Qxf3 Be4 25. Qf2 h5 26. Bd2 h4 27. g4 Nxg4 28.
Bxf7+ Qxf7 29. Nxg4 Qg6 30. Qxh4 Bf3 31. h3 Re2 32. Qg5 Qxg5 33. Bxg5 Rxb2 34.
a4 Bg3 35. axb5 Rxb5 36. Bf6 a5 37. c4 Rb4 38. Ne5 Be4 39. Ng4 Rxc4 40. Be5
Bxe5 41. dxe5 a4 42. e6 Kf8 43. Ne5 Rb4 44. Rc1 Rb1 45. Rxb1 Bxb1 46. Nxc6 a3
47. Nd4 a2 48. Nb3 Bf5 49. Kf2 Bxh3 50. Ke3 Bxe6 51. Na1 Ke7 52. Kd4 Kd6 53.
Kc3 Kc5 54. Kb2 Kb4 55. Nb3 Bxb3 56. Ka1 1/2-1/2

[Event "15. Obert Int. Sant Marti 2013"]
[Site "Barcelona ESP"]
[Date "2013.07.17"]
[Round "5.58"]
[White "Calderon Alzate, Ivan Alejandro"]
[Black "Maltsev, Leonid"]
[Result "1-0"]
[WhiteElo "1882"]
[BlackElo "1985"]
[PlyCount "65"]
[EventDate "2013.07.13"]
[EventType "swiss"]
[EventRounds "9"]
[EventCountry "ESP"]
[SourceTitle "Ajedrez en Madrid"]
[Source "lmi"]
[SourceDate "2013.07.13"]
[SourceVersion "1"]
[SourceVersionDate "2019.06.21"]
[SourceQuality "1"]

1. e4 c5 2. Nf3 e6 3. d3 d5 4. Nbd2 Nc6 5. g3 g6 6. Bg2 Bg7 7. O-O Nge7 8. Re1
O-O 9. Nf1 Rb8 10. e5 b5 11. Bf4 Qc7 12. h4 Nd4 13. N1h2 Nec6 14. c3 Nxf3+ 15.
Nxf3 d4 16. Qd2 Re8 17. h5 Bb7 18. Qe2 Rbd8 19. Nh2 c4 20. Rad1 dxc3 21. bxc3
Rxd3 22. Rxd3 cxd3 23. Qxd3 Bxe5 24. Bxe5 Nxe5 25. Qxb5 Nc6 26. Rb1 Ba8 27. Ng4
Rb8 28. Qd3 Rxb1+ 29. Qxb1 Qb6 30. Qc1 Qd8 31. Qf4 Qe7 32. Nf6+ Kh8 33. Qh6 1-0

[Event "15. Obert Int. Sant Marti 2013"]
[Site "Barcelona ESP"]
[Date "2013.07.18"]
[Round "6.1"]
[White "Agdestein, Simen"]
[Black "Asis Gargatagli, Hipolito"]
[Result "1-0"]
[WhiteElo "2567"]
[BlackElo "2487"]
[PlyCount "73"]
[EventDate "2013.07.13"]
[EventType "swiss"]
[EventRounds "9"]
[EventCountry "ESP"]
[SourceTitle "Ajedrez en Madrid"]
[Source "lmi"]
[SourceDate "2013.07.13"]
[SourceVersion "1"]
[SourceVersionDate "2019.06.21"]
[SourceQuality "1"]

1. d4 Nf6 2. c4 g6 3. Nc3 d5 4. Bg5 Ne4 5. Bh4 Nxc3 6. bxc3 dxc4 7. e3 Be6 8.
Nf3 Nd7 9. d5 Bg4 10. Qd4 Bxf3 11. gxf3 Rg8 12. Qxc4 Bg7 13. Rd1 Kf8 14. Bg3
Ne5 15. Qe4 f5 16. Qc2 Nxf3+ 17. Ke2 Ne5 18. e4 Qd7 19. f4 Nc4 20. e5 b5 21.
Bg2 Rd8 22. h4 h5 23. Bf3 Bh6 24. Rhg1 Kg7 25. Bxh5 Kh7 26. Bf3 e6 27. Rd4 Qe7
28. Rh1 Rgf8 29. Qb3 exd5 30. Bxd5 Nxe5 31. fxe5 c5 32. Rdd1 f4 33. Bf2 Qxe5+
34. Kf1 f3 35. Qxb5 Rxd5 36. Qb7+ Kh8 37. Qxd5 1-0

[Event "15. Obert Int. Sant Marti 2013"]
[Site "Barcelona ESP"]
[Date "2013.07.18"]
[Round "6.2"]
[White "Flores Rios, Mauricio"]
[Black "Dvirnyy, Danyyil"]
[Result "1-0"]
[WhiteElo "2492"]
[BlackElo "2549"]
[PlyCount "103"]
[EventDate "2013.07.13"]
[EventType "swiss"]
[EventRounds "9"]
[EventCountry "ESP"]
[SourceTitle "Ajedrez en Madrid"]
[Source "lmi"]
[SourceDate "2013.07.13"]
[SourceVersion "1"]
[SourceVersionDate "2019.06.21"]
[SourceQuality "1"]

1. d4 Nf6 2. c4 e6 3. Nf3 c5 4. d5 exd5 5. cxd5 d6 6. Nc3 g6 7. h3 Bg7 8. Bf4
O-O 9. e3 a6 10. a4 Qe7 11. Be2 Nbd7 12. O-O Ne8 13. Nd2 Ne5 14. Bg3 f5 15. Qc2
Rb8 16. Rae1 Nd7 17. Kh2 Nc7 18. Nc4 Ne5 19. Nb6 Nd7 20. Nc4 Ne5 21. Na3 Nf7
22. Qd2 b5 23. axb5 axb5 24. Naxb5 Nxb5 25. Nxb5 Bd7 26. Nc3 Rb4 27. Ra1 Rfb8
28. Rfb1 h5 29. f4 Rb3 30. Nd1 Bb5 31. Bxb5 R8xb5 32. Ra8+ Kh7 33. Ra4 Nh6 34.
Be1 Ng8 35. Qc2 Nf6 36. Nc3 R5b4 37. Rxb4 Rxb4 38. Bd2 Qb7 39. b3 Ne4 40. Nxe4
Rxe4 41. Qd3 h4 42. Rc1 Re8 43. Rc4 Qa6 44. Be1 Bf6 45. Bc3 Bxc3 46. Qxc3 Qb6
47. b4 Rc8 48. Qf6 Qb5 49. Qxd6 Qxc4 50. Qd7+ Kh6 51. Qxc8 Qc3 52. bxc5 1-0

[Event "15. Obert Int. Sant Marti 2013"]
[Site "Barcelona ESP"]
[Date "2013.07.18"]
[Round "6.4"]
[White "Hayrapetyan, Hovik"]
[Black "Kovchan, Alexander"]
[Result "0-1"]
[WhiteElo "2486"]
[BlackElo "2577"]
[PlyCount "70"]
[EventDate "2013.07.13"]
[EventType "swiss"]
[EventRounds "9"]
[EventCountry "ESP"]
[SourceTitle "Ajedrez en Madrid"]
[Source "lmi"]
[SourceDate "2013.07.13"]
[SourceVersion "1"]
[SourceVersionDate "2019.06.21"]
[SourceQuality "1"]

1. d4 Nf6 2. Nf3 g6 3. c4 Bg7 4. Nc3 d5 5. Bg5 dxc4 6. e4 c5 7. d5 b5 8. e5 b4
9. exf6 exf6 10. Qe2+ Kf8 11. Be3 bxc3 12. Bxc5+ Kg8 13. bxc3 Nd7 14. Bd4 Nb6
15. Qd2 Ba6 16. Bxb6 Qxb6 17. Be2 h5 18. O-O Kh7 19. Nd4 Rad8 20. Bf3 Bb7 21.
Rab1 Qa6 22. Nb5 Rd7 23. Qd4 Rhd8 24. Qxa7 Qxa7 25. Nxa7 Bxd5 26. Bxd5 Rxd5 27.
Nb5 f5 28. a4 Rd3 29. Rfc1 Rd2 30. a5 Ra2 31. Ra1 Rdd2 32. a6 Rxf2 33. a7 Rxg2+
34. Kf1 Raf2+ 35. Ke1 Bh6 0-1

[Event "15. Obert Int. Sant Marti 2013"]
[Site "Barcelona ESP"]
[Date "2013.07.18"]
[Round "6.5"]
[White "Arenas, David"]
[Black "Nikolov, Momchil"]
[Result "0-1"]
[WhiteElo "2437"]
[BlackElo "2538"]
[PlyCount "82"]
[EventDate "2013.07.13"]
[EventType "swiss"]
[EventRounds "9"]
[EventCountry "ESP"]
[SourceTitle "Ajedrez en Madrid"]
[Source "lmi"]
[SourceDate "2013.07.13"]
[SourceVersion "1"]
[SourceVersionDate "2019.06.21"]
[SourceQuality "1"]

1. e4 c5 2. Nf3 e6 3. d4 cxd4 4. Nxd4 a6 5. Nc3 Qc7 6. Be2 Nf6 7. O-O Be7 8. f4
d6 9. Kh1 O-O 10. Qe1 b5 11. Bf3 Bb7 12. e5 Ne8 13. f5 dxe5 14. fxe6 Bxf3 15.
exf7+ Rxf7 16. Nxf3 Nd7 17. Bg5 Bf8 18. a3 Nd6 19. Nd2 Rxf1+ 20. Qxf1 Re8 21.
Qd3 Qc6 22. Nce4 Nxe4 23. Nxe4 Nc5 24. Nxc5 Bxc5 25. a4 h6 26. axb5 axb5 27.
Qc3 Re6 28. Bd2 Rg6 29. Qf3 e4 30. Qe2 e3 31. Be1 b4 32. b3 Kh7 33. Bg3 Qe4 34.
Rf1 Bd6 35. Rf3 Bc5 36. h3 Bb6 37. Rf4 Qd5 38. Rg4 Qd2 39. Qd3 Qxd3 40. cxd3
Rxg4 41. hxg4 Bd4 0-1

[Event "15. Obert Int. Sant Marti 2013"]
[Site "Barcelona ESP"]
[Date "2013.07.18"]
[Round "6.6"]
[White "Firman, Nazar"]
[Black "Prasca Sosa, Rafael"]
[Result "1-0"]
[WhiteElo "2526"]
[BlackElo "2426"]
[PlyCount "57"]
[EventDate "2013.07.13"]
[EventType "swiss"]
[EventRounds "9"]
[EventCountry "ESP"]
[SourceTitle "Ajedrez en Madrid"]
[Source "lmi"]
[SourceDate "2013.07.13"]
[SourceVersion "1"]
[SourceVersionDate "2019.06.21"]
[SourceQuality "1"]

1. e4 e6 2. d4 d5 3. Nc3 Bb4 4. e5 b6 5. h4 c6 6. h5 f5 7. g4 Ne7 8. h6 g6 9.
Bg5 O-O 10. gxf5 exf5 11. Qd2 Be6 12. Nh3 Qd7 13. a3 Bxc3 14. Qxc3 a5 15. Nf4
Kf7 16. a4 Na6 17. Qa3 Rfb8 18. Rc1 Nb4 19. c3 Na6 20. Bg2 Rd8 21. O-O Nc7 22.
Rfd1 Rab8 23. b3 Rdc8 24. c4 Ng8 25. Qd6 Qxd6 26. exd6 Ne8 27. cxd5 cxd5 28.
Rxc8 Rxc8 29. d7 1-0

[Event "15. Obert Int. Sant Marti 2013"]
[Site "Barcelona ESP"]
[Date "2013.07.18"]
[Round "6.7"]
[White "Aloma Vidal, Robert"]
[Black "Grigoryan, Karen H."]
[Result "0-1"]
[WhiteElo "2421"]
[BlackElo "2550"]
[PlyCount "78"]
[EventDate "2013.07.13"]
[EventType "swiss"]
[EventRounds "9"]
[EventCountry "ESP"]
[SourceTitle "Ajedrez en Madrid"]
[Source "lmi"]
[SourceDate "2013.07.13"]
[SourceVersion "1"]
[SourceVersionDate "2019.06.21"]
[SourceQuality "1"]

1. d4 d6 2. Nf3 Bg4 3. e4 Nf6 4. Nc3 e6 5. Be2 c6 6. O-O d5 7. h3 Bh5 8. e5
Nfd7 9. Bg5 Qb6 10. b3 Qa5 11. Na4 b5 12. Bd2 Qc7 13. Nb2 Ba3 14. Nd3 c5 15.
dxc5 Bxc5 16. Nxc5 Qxc5 17. Be3 Qc7 18. c4 bxc4 19. bxc4 dxc4 20. Rc1 O-O 21.
Rxc4 Qb7 22. g4 Bg6 23. Qd6 Qb2 24. Nd4 Nb6 25. Rc7 Nd5 26. Nxe6 fxe6 27. Qxe6+
Kh8 28. Qxd5 Nc6 29. Bf3 Nxe5 30. Qxa8 Rxa8 31. Bxa8 h5 32. Rd1 hxg4 33. Rc8+
Kh7 34. hxg4 Qe2 35. Rd4 Nxg4 36. Bd5 Nxe3 37. Rh4+ Bh5 38. Be4+ g6 39. Rc7+
Kh6 0-1

[Event "15. Obert Int. Sant Marti 2013"]
[Site "Barcelona ESP"]
[Date "2013.07.18"]
[Round "6.9"]
[White "Anurag, Mhamal"]
[Black "Cuartas, Jaime Alexander"]
[Result "1/2-1/2"]
[WhiteElo "2418"]
[BlackElo "2484"]
[PlyCount "87"]
[EventDate "2013.07.13"]
[EventType "swiss"]
[EventRounds "9"]
[EventCountry "ESP"]
[SourceTitle "Ajedrez en Madrid"]
[Source "lmi"]
[SourceDate "2013.07.13"]
[SourceVersion "1"]
[SourceVersionDate "2019.06.21"]
[SourceQuality "1"]

1. e4 c5 2. Nf3 Nc6 3. Bb5 g6 4. O-O Bg7 5. c3 Nf6 6. Re1 O-O 7. h3 d6 8. Na3
Bd7 9. Bf1 Rc8 10. d4 cxd4 11. cxd4 d5 12. e5 Ne4 13. Qb3 Qa5 14. Be3 Nb4 15.
Bf4 h6 16. h4 Kh7 17. Nd2 Ba4 18. Qh3 Nc2 19. Nxc2 Bxc2 20. Nb3 Qb4 21. Rec1 e6
22. Qe3 a5 23. f3 a4 24. Nc5 Nxc5 25. Rxc2 Nd7 26. Rac1 Rxc2 27. Rxc2 Qb6 28.
Qf2 Nb8 29. Be3 Nc6 30. Rc5 Ra8 31. h5 Bf8 32. Rc3 a3 33. hxg6+ fxg6 34. bxa3
Rxa3 35. Rxa3 Bxa3 36. Qh4 Qb1 37. Bxh6 Bb2 38. Be3+ Kg8 39. Qf6 Qf5 40. Qh4
Qb1 41. g4 Bxd4 42. Bxd4 Nxd4 43. Qd8+ Kf7 44. Qd7+ 1/2-1/2

[Event "15. Obert Int. Sant Marti 2013"]
[Site "Barcelona ESP"]
[Date "2013.07.18"]
[Round "6.10"]
[White "Escobar Forero, Alder"]
[Black "Perpinya Rofes, Lluis Maria"]
[Result "1-0"]
[WhiteElo "2466"]
[BlackElo "2400"]
[PlyCount "49"]
[EventDate "2013.07.13"]
[EventType "swiss"]
[EventRounds "9"]
[EventCountry "ESP"]
[SourceTitle "Ajedrez en Madrid"]
[Source "lmi"]
[SourceDate "2013.07.13"]
[SourceVersion "1"]
[SourceVersionDate "2019.06.21"]
[SourceQuality "1"]

1. e4 c5 2. Nf3 Nc6 3. d4 cxd4 4. Nxd4 Nf6 5. Nc3 d6 6. Bg5 e6 7. Qd2 a6 8.
O-O-O Bd7 9. f4 b5 10. Bxf6 gxf6 11. Kb1 Qb6 12. Nxc6 Bxc6 13. Qe1 Ra7 14. f5
b4 15. Ne2 e5 16. Ng3 h5 17. Bc4 Qc5 18. Bb3 a5 19. Qe2 h4 20. Nh5 Ke7 21. Qg4
Rc7 22. Bxf7 Bh6 23. Qg6 Qxc2+ 24. Ka1 Bg5 25. Qg7 1-0

[Event "15. Obert Int. Sant Marti 2013"]
[Site "Barcelona ESP"]
[Date "2013.07.18"]
[Round "6.13"]
[White "Sequera Paolini, Jose"]
[Black "Saptarshi, Roy"]
[Result "1-0"]
[WhiteElo "2394"]
[BlackElo "2447"]
[PlyCount "79"]
[EventDate "2013.07.13"]
[EventType "swiss"]
[EventRounds "9"]
[EventCountry "ESP"]
[SourceTitle "Ajedrez en Madrid"]
[Source "lmi"]
[SourceDate "2013.07.13"]
[SourceVersion "1"]
[SourceVersionDate "2019.06.21"]
[SourceQuality "1"]

1. e4 e5 2. Nc3 Nf6 3. Bc4 Nc6 4. d3 Na5 5. Nge2 c6 6. Ng3 d5 7. exd5 b5 8. Bb3
b4 9. Nce4 Nxb3 10. axb3 cxd5 11. Nxf6+ Qxf6 12. d4 e4 13. Qe2 a6 14. O-O Be7
15. f3 Qxd4+ 16. Be3 Qe5 17. fxe4 dxe4 18. Rf4 f5 19. Qc4 Bd7 20. Nxf5 Rc8 21.
Qxe4 Qxe4 22. Nxg7+ Kd8 23. Bb6+ Rc7 24. Bxc7+ Kxc7 25. Rxe4 Bc5+ 26. Kh1 Kb7
27. Ne6 Bb6 28. Rd1 Bc6 29. Rf4 h5 30. Rf7+ Kb8 31. Rd6 Rc8 32. Nd4 Bxd4 33.
Rxd4 a5 34. Rdf4 Be8 35. Rf8 Kb7 36. Re4 Rxc2 37. Rfxe8 Rxb2 38. g4 Rxb3 39.
gxh5 a4 40. h6 1-0

[Event "15. Obert Int. Sant Marti 2013"]
[Site "Barcelona ESP"]
[Date "2013.07.18"]
[Round "6.14"]
[White "Lorenzo De La Riva, Lazaro"]
[Black "Silva, Luis Neves Da"]
[Result "1-0"]
[WhiteElo "2433"]
[BlackElo "2218"]
[PlyCount "61"]
[EventDate "2013.07.13"]
[EventType "swiss"]
[EventRounds "9"]
[EventCountry "ESP"]
[SourceTitle "Ajedrez en Madrid"]
[Source "lmi"]
[SourceDate "2013.07.13"]
[SourceVersion "1"]
[SourceVersionDate "2019.06.21"]
[SourceQuality "1"]

1. e4 c5 2. Nf3 d6 3. d4 cxd4 4. Nxd4 Nf6 5. Nc3 a6 6. Bg5 Nbd7 7. Bc4 Qb6 8.
Bb3 e6 9. Qd2 Be7 10. f3 Nc5 11. h4 Qc7 12. a3 h5 13. Ba2 b5 14. O-O-O Rb8 15.
Rhe1 O-O 16. g4 b4 17. axb4 Qb6 18. Bb3 Qxb4 19. Nc6 Nxb3+ 20. cxb3 Qb7 21.
Nxb8 Qxb8 22. gxh5 Qxb3 23. Rg1 Bd7 24. Qc2 Qb6 25. h6 Rc8 26. Kb1 a5 27. e5
dxe5 28. Bxf6 Bxf6 29. Rxg7+ Bxg7 30. Qg2 Kf8 31. Qxg7+ 1-0